LEADER 00901nam a2200229 i 4500 001 000000241013 003 CaOOAMICUS 005 20150421000000.0 008 150421s1957 it u000 u ita u 013 $a219918 040 $aSeMil$bita 100 1 $aPavolini, Luca.$0(OLS)http://semarc/name/26162 245 10$aInchiesta sui sindacati nel triangolo industriale /$cLuca Pavolini. 260 $aMilano :$bFeltrinelli,$ccopyr. 1957. 300 $a59 p. ;$c22 cm. 490 0 $aDocumenti e discussioni ;$v2 500 $aContiene : Appendice. 830 0$aDocumenti e discussioni ;$v2.$0(OLS)http://semarc/title/7094 850 $aSeMil 852 $aSeMil$W1$xVenegono$y1$m3N III 14$j191359$B191359$CSeMilBibl$Z2$F202170 $81 996 $6245$aInchiesta sui sindacati nel triangolo industriale$9(OLS)http://semarc/title/342659 996 $6260$aMilano :$bFeltrinelli$9(OLS)http://semarc/publisher/30237 LEADER 00904nam a2200229 i 4500 001 000000249194 003 CaOOAMICUS 005 20220428164120.0 008 160503s1962 it u000 u ita u 013 $a228099 040 $aSeMil$bita 100 1 $aDostoevskij, Fëdor Michajlovi?,$d<1821-1881>.$0(OLS)http://semarc/name/1325 245 10$aUmiliati e offesi ; Memorie di una casa morta /$ca cura di Eridano Bazzarelli. 250 $a6. edizione. 300 $aXXXII, 778 p. 700 1 $aBazzarelli, Eridano,$d<1921-2013>.$0(OLS)http://semarc/name/8821 773 0 $tGrandi romanzi.$dMilano : Ugo Mursia, 1962-1963.$g1$w()33154 850 $aSeMil 852 $aSeMil$W1$xVenegono$y1$m1V III 340$j257875$B199540$CSeMilBibl$Z2$F211063 $81 961 $aOmaggio: Sacchi don Luigi 996 $6245$aUmiliati e offesi ; Memorie di una casa morta$9(OLS)http://semarc/title/351394